000 00539nam a2200205Ia 4500
003 LDD
008 181029s9999 xx 000 0 und d
020 _a1402046561
_cE69.95
040 _cLDD
100 _aKogan, M.
245 0 _aTransforming higher education
_cM. Kogan
250 _aSecond Edition
260 _aThe Netherlands
_bSpringer
_c2006
300 _axiv, 201p.
365 _bE 69.95
901 _a3669
_b11-01-2007
902 _a8733
_b15-02-2007
_cF
_dOP
_e37
903 _aDiscount-10
_bReqst by : Poonam
942 _2ddc
_cBK
999 _c77905
_d77905